EGAP - výsledky a perspektivy

Výsledky Exportnej garančnej poisťovacej spoločnosti, a.s (EGAP), ktoré dosiahla v r.1996, v piatom roku svojej existencie ako prvá inštitúcia sprostredkúvajúca štátnu podporu vývozu v období ekonomickej transformácie. Prostriedky na krytie rizík. Rozvoj poisťovacích služieb. Všeobecné poistné podmi...

Descripción completa

Guardado en:
Detalles Bibliográficos
Autor principal: Böhm, Arnošt
Formato: Capítulo de libro
Lenguaje:checo
Materias:
Etiquetas: Agregar Etiqueta
Sin Etiquetas, Sea el primero en etiquetar este registro!

MARC

LEADER 00000naa a2200000 4500
001 r025784
005 20230908093519.7
041 0 |a cze 
044 |a CZ 
245 1 0 |a EGAP - výsledky a perspektivy  |c A. Böhm 
520 |a Výsledky Exportnej garančnej poisťovacej spoločnosti, a.s (EGAP), ktoré dosiahla v r.1996, v piatom roku svojej existencie ako prvá inštitúcia sprostredkúvajúca štátnu podporu vývozu v období ekonomickej transformácie. Prostriedky na krytie rizík. Rozvoj poisťovacích služieb. Všeobecné poistné podmienky pre poistenie investícií českých právnických osôb v zahraničí. 
610 2 0 |a EGAP, a.s. Praha 
610 2 0 |a poistenie záujmov zahraničných 
610 2 0 |a podpora vývozu 
610 2 0 |a Česko 
610 2 0 |a poistenie 
610 2 0 |a vývoz 
610 2 0 |a riziko 
610 2 0 |a obchod zahraničný 
610 2 0 |a služby 
100 1 |a Böhm, Arnošt